RCA receiving tube manual
Guardado en:
| Autor Corporativo: | |
|---|---|
| Formato: | Libro |
| Lenguaje: | English |
| Publicado: |
Harrison NJ : RCA,
1966
|
| Colección: | Technical series RC-21
|
| Materias: | |
| Etiquetas: |
Agregar Etiqueta
Sin Etiquetas, Sea el primero en etiquetar este registro!
|
MARC
| LEADER | 00000nam a2200000Ia 4500 | ||
|---|---|---|---|
| 003 | 000341 | ||
| 005 | 20221231143942.0 | ||
| 008 | 140114s1966 njua 000 ||eng d | ||
| 040 | |c cru CEDI | ||
| 082 | |a 621.384.136 R129r | ||
| 110 | |9 19027 |a Radio Corporation of America | ||
| 245 | |a RCA receiving tube manual | ||
| 260 | |a Harrison NJ : RCA, |c 1966 | ||
| 300 | |a 480 páginas : ilustraciones ; 21 cm.- | ||
| 440 | |a Technical series RC-21 |9 19034 | ||
| 630 | |x RADIORRECEPTORES |9 19035 | ||
| 942 | |2 ddc |c BK | ||
| 999 | |c 14715 |d 14715 | ||
